MARC

LEADER 00000nam0a2200000 4500
001 251953
005 20231031213652.0
010 |a 5401000782 
020 |a RU  |b 89-7363 
035 |a (RuTPU)RU\TPU\book\274268 
090 |a 251953 
100 |a 20140226d1989 k y0rusy5003 ca 
101 0 |a rus 
102 |a LV 
105 |a y g 001zy 
200 1 |a Водоотведение городов и поселков  |e краткий справочник  |f Б. Т. Юрьев, В. А Гулманис, А. Э. Сиполс 
210 |a Рига  |c Авотс  |d 1989 
215 |a 203 с.  |c ил. 
320 |a Библиогр.: с. 200-202 (58 назв.) 
606 1 |a Водоочистные сооружения  |2 stltpush  |3 (RuTPU)RU\TPU\subj\2862 
610 1 |a справочники 
610 1 |a канализационные сооружения 
610 1 |a города 
610 1 |a поселки 
610 1 |a водоотведение 
610 1 |a генезис 
610 1 |a нормы 
610 1 |a водостоки 
610 1 |a биологическая очистка 
675 |a 628.3(035)  |z rus 
700 1 |a Юрьев  |b Б. Т.  |g Борис Тихонович 
701 1 |a Гулманис  |b В. А  |g Висвалдис Артурович 
701 1 |a Сиполс  |b А. Э.  |g Айвар Элмарович 
801 0 |a RU  |b RuMRKP  |c 19950417  |g psbo 
801 1 |a RU  |b 63413507  |c 20140226 
801 2 |a RU  |b 63413507  |c 20140325  |g RCR 
942 |c BK